| 000 | 00675nam a2200193 i 4500 | ||
|---|---|---|---|
| 001 | 64501 | ||
| 003 | ES-MaACL | ||
| 005 | 20230906165137.0 | ||
| 007 | t| | ||
| 008 | 031226s1972 sp ||||1| spa d | ||
| 100 | 1 |
_aFont Obrador, Bartolomé. _951563 |
|
| 245 | 1 | 0 |
_aHistoria de Lluchmajor / _cBartolomé Font Obrador ; prólogo de Miguel Batllori ; carta arqueológica por J. Mascaró Pasarius. |
| 260 |
_aPalma de Mallorca : _b[s.n., _c1972] ( _fMiramar) |
||
| 300 |
_a1 v., 36 lám. : _bil. ; _c24 cm. |
||
| 651 | 4 |
_aLlucmajor- _xHistoria. _9166059 |
|
| 700 | 1 |
_aBatllori, Miguel. _926460 |
|
| 700 | 1 |
_aMascaró Pasarius, J. _978687 |
|
| 852 |
_aES-MaACL _jP-1642 _bR.83784 |
||
| 999 |
_c64501 _d64501 |
||